| Tag |
First Indicator |
Second Indicator |
Subfields |
| LEADER |
00000cam a2200000 a 4500 |
| 001 |
in00000069307 |
| 005 |
20151008053330.0 |
| 008 |
800702s1979 nyu b 00010 engm |
| 010 |
|
|
|a 79123758
|
| 035 |
|
|
|a (OCoLC)06554692
|
| 035 |
|
|
|9 AAH7076AM
|
| 040 |
|
|
|a DLC
|c DLC
|d m.c.
|d TXA
|d UtOrBLW
|
| 043 |
|
|
|a n-us---
|
| 049 |
|
|
|a TXAM
|c [1673340]
|
| 050 |
0 |
0 |
|a HF5681.B2
|b A643 1979
|
| 110 |
2 |
|
|a American Institute of Certified Public Accountants.
|b Special Advisory Committee on Reports by Management.
|
| 245 |
1 |
0 |
|a Conclusions and recommendations of the Special Advisory Committee on Reports by Management /
|c American Institute of Certified Public Accountants.
|
| 264 |
|
1 |
|a New York, N.Y. :
|b AICPA,
|c [1979]
|
| 264 |
|
4 |
|c ©1979
|
| 300 |
|
|
|a v, 30 pages ;
|c 23 cm.
|
| 336 |
|
|
|a text
|b txt
|2 rdacontent
|
| 337 |
|
|
|a unmediated
|b n
|2 rdamedia
|
| 338 |
|
|
|a volume
|b nc
|2 rdacarrier
|
| 504 |
|
|
|a Includes bibliographical references.
|
| 650 |
|
0 |
|a Financial statements
|z United States.
|
| 650 |
|
0 |
|a Auditing, Internal
|z United States.
|
| 650 |
|
0 |
|a Auditors' reports
|z United States.
|
| 999 |
|
|
|a MARS
|
| 999 |
f |
f |
|s 0c046e3e-1ab0-35fc-835c-522c03870ef6
|i cdc27cf6-a426-3b1a-b122-26a219d8bafb
|t 0
|
| 952 |
f |
f |
|p ric
|a Texas A&M University
|b Rellis Campus
|c Joint Library Facility
|d Remote Storage
|t 0
|e HF5681.B2 A643 1979
|h Library of Congress classification
|i unmediated -- volume
|m A14805948292
|
| 998 |
f |
f |
|a HF5681.B2 A643 1979
|t 0
|l Remote Storage
|